000 00681nam a2200229 i 4500
001 115516
003 ES-MaACL
005 20250717070757.0
007 t|
008 070314q1922 sp ||||1| spa d
080 _a621.315
100 1 _aCaro y Anchía, Ricardo.
_935412
245 1 0 _aLíneas eléctricas /
_cpor Ricardo Caro y Anchía.
250 _a2ª ed.
260 _aMadrid :
_bCalpe,
_c[1922?]
300 _a167 p. :
_bil. ;
_c17 cm.
490 1 _aBiblioteca del electricista práctico ;
_v13
650 1 7 _aElectricidad
_2embne
_912159
830 0 _aBiblioteca del electricista práctico ;
_v13
_9186267
852 _aES-MaACL
_jB-3746
999 _c115516
_d115516